Small is beautiful. La política de microfinanciamiento en México: impacto y rentabilidad social. = Small is beautiful. The microfinancng policy in Mexico: impact and social profitability /

Kaydedildi:
Detaylı Bibliyografya
Yazar: Millán, Henio
Materyal Türü: Metin
Konular:
Etiketler: Etiketle
Etiket eklenmemiş, İlk siz ekleyin!

MARC

LEADER 00000 a a2200000 04500
001 16561
003
040
100 |a Millán, Henio  
245 |a Small is beautiful. La política de microfinanciamiento en México: impacto y rentabilidad social. =   |b Small is beautiful. The microfinancng policy in Mexico: impact and social profitability /  |c Henio Millán 
650 |a POLITICA SOCIAL  
650 |a POBREZA  
650 |a EMPLEO  
650 |a ECONOMIA  
650 |a MEXICO  
773 |g volumen 69, número 2; páginas 309-342  
999 |c 38047  |d 38047